000 00394nam a2200157Ia 4500
008 240729s9999 xx 000 0 und d
022 _a1827-9643
245 0 _aActa Herpetologica
260 _aItaly
260 _bFirenze University Press
650 _a Zoology
650 _aScience
856 _uhttps://doaj.org/toc/e3935886fb32425c8b630da2e88e9419
942 _2ddc
942 _cDOAJEJ
999 _c66643
_d66643
945 _a1
_bMadushi Gamage
_c1
_dMadushi Gamage